00977nam a2200229 a 450000100100000000500170001000800410002702000150006804000250008308200170010810000280012524500950015326000640024830000210031250400740033353400330040770000330044004900090047395201210048295201270060399900170073000002407520200930022710.0110118s1976 xxu r 000 0 spa d a0311043434 aDO-SdBNPbspacBNPHU axxxxxbM146r1 aMacGorman, J. W.94946410aRomanos :bel evangelio para todo hombre /cJ. W. MacGorman ; traducción Alfonso Olmedo. aTennessee, U.S.A. :bCasa Bautista de Publicaciones,c1976. a146 p. ;c18 cm. aIncluye referencias bibliográficas y notas al pie de las páginas. aRoman´s everyman´s gospel.1 aOlmedo, Alfonso,etr.949465 aBNGR 001054708MOaGRbGRcCTd2011-01-18iLF1l0oxxxxx M146rp24075-10r2020-06-25w2020-06-25y4ZPréstamo en sala 001054728MOaGRbGRcCTd2011-01-28iLF1l0oxxxxx M146rp24075-20r2020-06-25te. 2w2020-06-25y4ZPréstamo en sala c23570d23570